Guess the Pink Floyd songs by the first 10 alphabetical words - Statistics

General Stats
  • This quiz has been taken 7 times
  • The average score is 6 of 15
Answer Stats
Hint Answer % Correct
about, album, always, band, boy, call, chart, cigar, come, count. Have A Cigar
100%
alright, ask, away, back, both, bullshit, buy, car, cash, caviar. Money
100%
again, anybody / anyone, balloons, basic, believe, caught, child, com(ing), comfortably, corner. Comfortably Numb
83%
against, aisles, always, ate, beyond, bottles, brain, break(ing), bury, call. Hey You
50%
after, another, borrow, cries, dark, day, dreams, Emily, ever, float. See Emily Play
50%
across, again, around, away, behind, bell, beside, bones, breath, calls. Time
50%
alone, another, brick, classroom, control, dark, education, hey, just, kids. Another Brick In The Wall, Pt. 2
33%
anything, basket, bell, bike, bit, black, borrowed, call, ching, clan. Bike
33%
across, air, albatross, ambassadors, around, beneath, best, bright, call(s), caves. Echoes
33%
away, awfully, blue, brought, care, clear, considerate, dream, dressed, exactly. Jugband Blues
17%
airplane, alone, away, backward, behind, book, born, break(ing) brick, callin'. San Tropez
17%
ago, another, bed, before, bloody, brings, care, Charlotte, cold, day. Summer '68
17%
after, air, ashes, blue, breeze, cage, change, cold, comfort, cool. Wish You Were Here
17%
able, admit, after, alone, another, around, awake, away, back(s), bad. Dogs
0%
again, along, altitude, ambition, away, band, before, begun, behind, bell. High Hopes
0%
No matching quizzes found
Score Distribution
Percent of People with Each Score
Percentile by Number Answered
Your Score History
You have not taken this quiz